Výrobky a posudzovanie rizika

Posudzovanie rizka ako významný nástroj produktovej politky ktorej úlohou je zabezpečiť, aby sa na trh dostávali bezpečné výrobky. Metódy posudzovania a hodnotenia rizika. Identifikácia nebezpečenstiev nevhodných výrobkov a ochrana spotrebiteľa.

Na minha lista:
Detalhes bibliográficos
Autor principal: Kristová, Ľudmila
Outros Autores: Košútová, Tatiana, 1962-
Formato: Capítulo de Livro
Idioma:eslovaco
Assuntos:
Tags: Adicionar Tag
Sem tags, seja o primeiro a adicionar uma tag!

MARC

LEADER 00000naa$a2200000$$$4500
001 0146483
005 20240502072637.3
041 0 |a slo 
044 |a SK 
245 1 0 |a Výrobky a posudzovanie rizika  |c Ľudmila Kristová, Tatiana Košútová 
520 |a Posudzovanie rizka ako významný nástroj produktovej politky ktorej úlohou je zabezpečiť, aby sa na trh dostávali bezpečné výrobky. Metódy posudzovania a hodnotenia rizika. Identifikácia nebezpečenstiev nevhodných výrobkov a ochrana spotrebiteľa. 
610 2 0 |a výrobky priemyselné 
610 2 0 |a schvaľovanie výrobkov 
610 2 0 |a kontrola kvality 
610 2 0 |a kvalita tovaru 
610 2 0 |a požiadavky na výrobky 
610 2 0 |a bezpečnosť výrobkov 
610 2 0 |a ochrana spotrebiteľa 
100 1 |a Kristová, Ľudmila 
700 1 |a Košútová, Tatiana, 1962-